000 00565cam a2200193 i 4500
001 4144597
005 20241127131457.0
008 771007s1976 enk 000 1 eng
020 _a0434681121 :
_c£7.50
050 0 0 _aPZ4.S428
_bRaj 1976b
_aPR6069.C596
082 0 0 _a823/.9/14
100 1 _aScott, Paul,
_d1920-1978.
245 1 4 _aThe Raj quartet /
_cPaul Scott.
260 _aLondon :
_bHeinemann,
_c1976.
300 _a1925 p. in various pagings ;
_c24 cm.
650 0 _aBritish
_zIndia
_xFiction.
650 0 _aHistorical fiction, English.
942 _2lcc
_cBK
_n0
999 _c1613
_d1613